América /

Guardado en:
Autor Principal: Maritain, Jacques
Formato: Libro
Publicado: Buenos Aires : Emec', 1958
Materias:
Etiquetas: Agregar Etiqueta
Sin Etiquetas, Sea el primero en etiquetar este registro!
LEADER 00458nam a22001815a 4500
001 CEM.cems004160
005 20060216000000.0
008 130507s1958##################000#0#####d
003 CEMS
082 0 4 |a 973 
100 1 |a Maritain, Jacques 
245 1 0 |a América / 
260 |a Buenos Aires :  |b Emec',  |c 1958 
300 |a 216 p. 
653 |a America 
653 |a Historia 
653 |a Historia de america 
859 |a CEMS  |b BIB. CEMS - 11 de abril  |h 973  |i M339  |p 9588.81  |t Ej.1